01357nam a2200373Ic 450000100060000000300100000600500170001600700030003300800410003602000180007704000350009504100080013008200170013810000300015524501040018525000520028926400420034130000180038333600270040133700330042833800280046149000340048950000250052350000720054853400380062065000290065865000330068765000380072065000270075870000370078594200120082299900170083495201320085158915CO-BoRNBP20250829164951.0ta180815s2015 sp g 000 0 spa  a9788467034646 aCO-BoRNBPbspaerdacCO-BoRNBP aspa04a321.07bM67u aMoro, Tomáseaut96439010aUtopía /cTomás Moro ; prólogo de Fernando Savater ; edición y traducción Pedro Voltés. aDécima tercera ediciónbsegunda impresión 1aBarcelona, España :bAustral,c2015 a163 páginas atextobtxt2rdacontent asin mediaciónbn2rdamedia avolumenbnc2rdacarrier0 aClásica : Humanidades ; 465 aIncluye cronología aIncluye datos biográficos del autor en la parte inicial del libro tRecomendado para público adulto07aCiencia política2lemb07aFilosofía política2lemb07aFilosofía y estado2lemb96439107aUtopías2lemb962865 aVoltes Bou, Pedro,d1929-964392 2ddccBK c58915d58915 00102ddc40708GENaMEMAPJGAbMEMAPJGAcGENd2025-08-29l0o321.07 M67upMPJG00664r2025-08-29 16:50:14tEj.1w2025-08-29yBK